000 00351nam a2200133Ia 4500
008 240624s9999 xx 000 0 und d
041 _aeng
082 _a658.85 STE
100 _aSTEPHENSON JAMES
245 _a202 THINGS YOU CAN BUY AND SELL FOR BIG
260 _c2008
_aMadison
_bEntrepreneur Press
300 _a350 : p. : cm. ; 23
365 _c
_b30
999 _c11030
_d11030